000
00278nam a2200121 a 4500
008
110105s1973|||| d
100
1
_a
Lenin, V.I.
245
1
0
_a
Vybrané spisy 1. diel
260
_b
Pravda
_a
Bratislava
_c
1973
020
_c
25
041
_a
slo
044
_a
xo
_c
SK
999
_c
15507
_d
15507